00548nam a2200157Ia 4500008004100000020001800041245005800059250000600117260003100123300000800154500002400162942000700186952008400193952009600277999001700373230524s9999 xx 000 0 und d a9789393165169 0aGATE 2023 - Computer Science & Information Technology a1 aNew DelhibMade Easyc2022 a775 aQuantity Number: 2 cBK 00104070aTATCLbTATCLcGENd2023-05-24l0p60536r2023-05-24w2023-05-24yBK 00104070aTATCLbTATCLcGENd2023-05-24l1p60537r2026-02-11s2024-01-25w2023-05-24yBK c60736d60736